Podnikateľský proces obchodu

Na minha lista:
Detalhes bibliográficos
Autor principal: Strážovská, Helena
Autor Corporativo: Ekonomická univerzita v Bratislave
Outros Autores: Katona, Gabriel, Pachingerová, Mária, Pavlík, Adrián, Sirotka, Vladimír, Strážovská, Ľubomíra
Formato: Livro
Idioma:eslovaco
Publicado em: Bratislava Sprint vfra 2006
Colecção:Nová ekonómia
Assuntos:
Tags: Adicionar Tag
Sem tags, seja o primeiro a adicionar uma tag!

MARC

LEADER 00000nam$a2200000$$$4500
001 0037027
005 20240502071454.4
020 |a 80-89085-54-7 
041 0 |a slo 
044 |a SK 
245 1 0 |a Podnikateľský proces obchodu  |c Helena Strážovská a kolektív 
264 1 |a Bratislava  |b Sprint vfra  |c 2006 
300 |a 326 s. 
490 1 |a Nová ekonómia 
830 0 |a Nová ekonómia 
610 2 0 |a podnikanie 
610 2 0 |a podnikanie obchodné 
610 2 0 |a podnikatelia 
610 2 0 |a prostredie podnikateľské 
610 2 0 |a Slovensko 
610 2 0 |a podnikanie živnostenské 
610 2 0 |a plán podnikateľský 
610 2 0 |a financovanie 
610 2 0 |a fondy štruktúrne 
610 2 0 |a podpora podnikania 
610 2 0 |a benchmarking 
610 2 0 |a pomoc štátna 
610 2 0 |a kapitál rizikový 
610 2 0 |a legislatíva 
100 1 |a Strážovská, Helena 
700 1 |a Katona, Gabriel 
700 1 |a Pachingerová, Mária 
700 1 |a Pavlík, Adrián 
700 1 |a Sirotka, Vladimír 
700 1 |a Strážovská, Ľubomíra 
710 2 |a Ekonomická univerzita v Bratislave